01052 2200349 4500001002100000005001500021035002000036007000300056008004100059020001800100082001000118084001600128084001400144100002400158245013100182250001200313300003800325650001300363650001000376700002800386700002400414700002600438700002700464700002300491700003600514264005200550336002100602337003000623338002300653990001300676990001300689INLIS00000000111909320220706100944 a0010-0722000086ta220706 0 ind a9786233122634 a371.1 aD PDGK 4209 aPDGK 42090 aAndayaniePengarang1 aPemantapan Kemampuan Mengajar (PKM) /cAndayani, Refini Delfi, Sardjijo, R. Sudarwo, Irzan Tahar, Munasik, Brillianing Pratiwi aedisi 3 a135 halaman :bilustrasi ;c27 cm 4aMengajar 4aTeach0 aRefini DelfiePengarang0 aSardjijoePengarang0 aR. SudarwoePengarang0 aIrzan TaharePengarang0 aMunasikePengarang0 aBrillianing PratiwiePenyunting aTangerang Selatan :bUniversitas Terbuka,c2021 2rdacontentaTeks 2rdamediaaTanpa Perantara 2rdacarrieraVolume a22/30116 a22/90116